000 01418cad a22002295a 4500
001 L151347
008 101025e2010 xxk 000 0 eng d
035 _a(Sirsi) u151347
041 0 _aeng
245 0 0 _aAnfield (UK) Limited v Bank of Scotland Plc, Shafquat Ahmed Siddiqui, London Scottish Finance Limited
260 _c2010
520 _a [2010] EWHC 2374 (Ch), 24 September 2010. A loan to defendant S was secured by a charge over S's property registered at the Land Registry in 2000. Defendant B lent S money to redeem the earlier charge and received an executed charge in 2006. B did not protect its loan at the Land Registry until 2009 whereas an equitable charge in favour of claimant A had been registered on S's title in the meantime. Who had priority? Held: Although B did not protect its loan to S at the Land Registry until 2009, it was entitled to gain priority through subrogation over lenders registered earlier.
590 _aK
650 2 4 _aANFIELD (UK) LTD V BANK OF SCOTLAND PLC AND ORS
650 2 4 _aBURSTON FINANCE V SPEIRWAY LTD
650 2 4 _aCHELTENHAM & GLOUCESTER PLC V APPLEYARD
650 2 4 _aBANQUE FINANCIERE DE LA CITE V PARC (BATTERSEA) LTD
651 4 _aEngland and Wales
_y1543-
690 _aPROPERTY-PROPERTY ACQUISITION AND DISPOSAL
856 4 0 _uhttps://www.bailii.org/ew/cases/EWHC/Ch/2010/2374.html
_zView the law report free of charge at ww.bailii.org
942 _n0
999 _c82782
_d82782